[Event "Hamburg Harburg 12th B"]
[Site "Hamburg"]
[Date "2017.08.06"]
[Round "5.2"]
[White "Kurth, Michael"]
[Black "Apitzsch, Leon Fabian"]
[Result "1-0"]
[WhiteElo "1950"]
[BlackElo "1946"]
[PlyCount "129"]
[EventDate "2017.08.06"]
[EventType "tourn"]
[EventRounds "5"]
[EventCountry "GER"]
[SourceDate "2017.08.14"]
[WhiteTeam "Hamburger SK von 1830 eV"]
[BlackTeam "SC Diogenes e.V."]

1. e4 e5 2. Nf3 Nc6 3. Bb5 Nf6 4. O-O Nxe4 5. Re1 Nd6 6. Nxe5 Be7 7. Bxc6 dxc6
8. Qe2 Be6 9. Nc3 O-O 10. d3 Re8 11. Bd2 Bf6 12. f4 Nf5 13. Qf2 Qd4 14. Be3
Nxe3 15. Qxe3 Qxe3+ 16. Rxe3 Bf5 17. Rae1 Re7 18. Nf3 Rae8 19. Rxe7 Rxe7 20.
Rxe7 Bxe7 21. h3 Be6 22. Kf2 Bb4 23. a3 Bxc3 24. bxc3 Kf8 25. Ke3 Ke7 26. c4 f6
27. c5 b6 28. Kd4 Bd5 29. Ne1 Kd7 30. c4 Be6 31. g4 h5 32. f5 Bf7 33. Ng2 hxg4
34. hxg4 b5 35. Nf4 Ke7 36. Kc3 bxc4 37. dxc4 Kd7 38. Ng2 g6 39. Ne3 gxf5 40.
gxf5 Bh5 41. Kd3 Kc8 42. Nc2 Bg4 43. Nd4 Kb7 44. Ke4 Bd1 45. Kf4 Bh5 46. Kg3
Bf7 47. Kh4 Be8 48. Ne6 Kc8 49. Ng7 Bf7 50. Nh5 Bxc4 51. Nxf6 Kb7 52. Ne4 Bd3
53. f6 Bc4 54. Kg5 Ka6 55. Nc3 Kb7 56. Kg6 Kc8 57. f7 Bxf7+ 58. Kxf7 Kd7 59.
Ne4 Kd8 60. Nf6 Kc8 61. Ke7 Kb7 62. Ne4 Kc8 63. Nc3 Kb8 64. Kd8 Kb7 65. Kd7 1-0

[Event "Hamburg Harburg 12th B"]
[Site "Hamburg"]
[Date "2017.08.06"]
[Round "5.3"]
[White "Keuchen, Michael"]
[Black "Pubantz, Jan"]
[Result "1/2-1/2"]
[WhiteElo "2036"]
[BlackElo "2013"]
[PlyCount "52"]
[EventDate "2017.08.06"]
[EventType "tourn"]
[EventRounds "5"]
[EventCountry "GER"]
[SourceDate "2017.08.14"]
[WhiteTeam "SF Hamburg e.V. 1934"]
[BlackTeam "SK Ricklingen"]

1. f4 d5 2. d4 Nf6 3. e3 g6 4. Bd3 Bg7 5. Nd2 O-O 6. Ngf3 b6 7. Qe2 c5 8. c3
Bb7 9. Ne5 Qc8 10. O-O Ba6 11. Ndf3 Bxd3 12. Qxd3 Nbd7 13. Bd2 Rb8 14. f5 Ne4
15. fxg6 hxg6 16. Nxd7 Qxd7 17. Be1 b5 18. Nd2 c4 19. Qe2 Nxd2 20. Qxd2 a5 21.
Bg3 Rb6 22. a3 Qb7 23. Ra2 Rc8 24. Qe2 Re6 25. Rf3 b4 26. Be1 bxc3 1/2-1/2

[Event "Hamburg Harburg 12th C"]
[Site "Hamburg"]
[Date "2017.08.04"]
[Round "1.1"]
[White "Becker, Thomas"]
[Black "Vollmer, Andreas"]
[Result "1/2-1/2"]
[WhiteElo "1927"]
[BlackElo "1765"]
[PlyCount "135"]
[EventDate "2017.08.06"]
[EventType "tourn"]
[EventRounds "5"]
[EventCountry "GER"]
[SourceDate "2017.08.14"]
[WhiteTeam "Langenhorner SF 1928"]
[BlackTeam "Delmenhorster SK V 1931"]

1. e4 c6 2. d4 d5 3. exd5 cxd5 4. c4 Nf6 5. Nc3 e6 6. Nf3 Be7 7. cxd5 Nxd5 8.
Bc4 Nxc3 9. bxc3 Qc7 10. Qe2 O-O 11. O-O Nd7 12. Bd2 Bd6 13. Rfe1 b6 14. h3 Bb7
15. Bb3 Bf4 16. Bxf4 Qxf4 17. Qe3 Qd6 18. Rac1 Rac8 19. Ne5 Rfd8 20. f3 Nxe5
21. Qxe5 Qxe5 22. Rxe5 Rxd4 23. Rxe6 Rd7 24. Re3 g6 25. Rce1 Rdc7 26. Re8+ Rxe8
27. Rxe8+ Kg7 28. c4 Bc6 29. Rb8 Bd7 30. Ra8 Bc8 31. Kf2 Kf6 32. Ke3 Ke5 33. c5
bxc5 34. Bxf7 c4 35. Kd2 c3+ 36. Kc1 Kf4 37. Bg8 Kg3 38. Bxh7 Bf5 39. Bg8 Kxg2
40. Bd5 Kxh3 41. Be4 Kg3 42. Rg8 Kf4 43. Kc2 Rc5 44. Rf8 Ke3 45. Re8 Bxe4+ 46.
fxe4 Kf4 47. Re6 g5 48. Ra6 Rc7 49. Rg6 g4 50. e5 g3 51. e6 Re7 52. Kxc3 Kf3
53. Rf6+ Ke3 54. Rg6 Rc7+ 55. Kb3 Kf2 56. Rf6+ Kg1 57. Rf7 Rc6 58. Rxa7 Rxe6
59. Rg7 g2 60. Kb4 Rf6 61. a4 Kf2 62. Kb5 g1=Q 63. Rxg1 Kxg1 64. a5 Kf2 65. a6
Ke3 66. a7 Rf8 67. Kb6 Kd4 68. Kb7 1/2-1/2

[Event "Hamburg Harburg 12th C"]
[Site "Hamburg"]
[Date "2017.08.04"]
[Round "1.3"]
[White "Olschok, Juergen"]
[Black "Henkemeier, Michael"]
[Result "0-1"]
[WhiteElo "1770"]
[BlackElo "1879"]
[PlyCount "98"]
[EventDate "2017.08.06"]
[EventType "tourn"]
[EventRounds "5"]
[EventCountry "GER"]
[SourceDate "2017.08.14"]
[WhiteTeam "FC ST.Pauli 1910 eV SAbt"]
[BlackTeam "Schachklub Werther 1949 e.V."]

1. e4 c6 2. d4 d5 3. exd5 cxd5 4. Bd3 Nc6 5. c3 Qc7 6. Ne2 e6 7. Bf4 Bd6 8.
Bxd6 Qxd6 9. O-O Nf6 10. Nd2 O-O 11. Ng3 e5 12. dxe5 Nxe5 13. Nf3 Bg4 14. Be2
Bxf3 15. Bxf3 Rad8 16. Nf5 Qb6 17. Ne7+ Kh8 18. Re1 Qe6 19. Qd4 Nxf3+ 20. gxf3
Qh3 21. Qf4 Nh5 22. Qg4 Qxg4+ 23. fxg4 Nf6 24. g5 Ne4 25. h4 Nd2 26. Kg2 Nc4
27. b3 Nb6 28. Nf5 g6 29. Nd4 Rfe8 30. Kf3 Kg7 31. Rac1 a6 32. Rxe8 Rxe8 33.
Rc2 f5 34. Re2 Re4 35. Rxe4 dxe4+ 36. Ke3 Nd5+ 37. Kd2 Kf7 38. Ne2 Ke6 39. c4
Ne7 40. a3 Nc6 41. Nf4+ Ke5 42. Nd5 Nd4 43. b4 Nf3+ 44. Ke2 Nxh4 45. Nf6 h5 46.
a4 Kd4 47. c5 Kc4 48. f3 exf3+ 49. Kf2 Kxb4 0-1

[Event "Hamburg Harburg 12th C"]
[Site "Hamburg"]
[Date "2017.08.04"]
[Round "1.2"]
[White "Schwarzkopf, Joerg"]
[Black "Hommer, Jeremy"]
[Result "0-1"]
[WhiteElo "1815"]
[BlackElo "1937"]
[PlyCount "34"]
[EventDate "2017.08.06"]
[EventType "tourn"]
[EventRounds "5"]
[EventCountry "GER"]
[SourceDate "2017.08.14"]
[WhiteTeam "TV Fischbek Suederelbe"]
[BlackTeam "SC Turm Lüneburg e.V."]

1. e4 c6 2. d4 d5 3. exd5 cxd5 4. c4 Nf6 5. Nc3 e6 6. Nf3 Nc6 7. Bg5 Be7 8. h3
O-O 9. Bd3 dxc4 10. Bxc4 b6 11. O-O Bb7 12. Re1 Rc8 13. Qd3 Rc7 14. Rad1 Qc8
15. d5 Rd7 16. dxc6 Rxd3 17. cxb7 Qxc4 0-1

[Event "Hamburg Harburg 12th C"]
[Site "Hamburg"]
[Date "2017.08.05"]
[Round "2.1"]
[White "Vollmer, Andreas"]
[Black "Henkemeier, Michael"]
[Result "1-0"]
[WhiteElo "1765"]
[BlackElo "1879"]
[PlyCount "149"]
[EventDate "2017.08.06"]
[EventType "tourn"]
[EventRounds "5"]
[EventCountry "GER"]
[SourceDate "2017.08.14"]
[WhiteTeam "Delmenhorster SK V 1931"]
[BlackTeam "Schachklub Werther 1949 e.V."]

1. c4 c6 2. Nf3 Nf6 3. e3 d5 4. cxd5 cxd5 5. Bb5+ Bd7 6. Bxd7+ Nbxd7 7. O-O e6
8. b3 Be7 9. Bb2 O-O 10. Nc3 Rc8 11. Qe2 Qa5 12. a3 a6 13. b4 Qb6 14. Rac1 Qd6
15. Na4 b5 16. Nc3 Rc7 17. Na2 Rfc8 18. Rc3 Nb6 19. Rxc7 Rxc7 20. Be5 Qd7 21.
Bxc7 Qxc7 22. Rc1 Qd6 23. d3 Nfd7 24. Qc2 Bf6 25. Qc6 Qxc6 26. Rxc6 Bb2 27. Rc7
f6 28. Ra7 Nb8 29. Nd2 Bxa3 30. Nb3 N6d7 31. d4 e5 32. Nc5 Nf8 33. Nxa6 Nxa6
34. Rxa6 Bb2 35. dxe5 fxe5 36. Kf1 d4 37. Ke2 Kf7 38. Rb6 Ne6 39. Rxb5 e4 40.
Rb7+ Kf6 41. exd4 Nxd4+ 42. Ke3 Nf5+ 43. Kd2 Bd4 44. Nc3 Nd6 45. Rc7 Bxf2 46.
Rc6 Ke5 47. Nd1 Bg1 48. Ne3 g6 49. g3 h5 50. h3 Bf2 51. g4 Bg3 52. Rc5+ Kf4 53.
gxh5 gxh5 54. Rd5 Kf3 55. Nd1 Bf4+ 56. Ke1 e3 57. Nxe3 Kxe3 58. Rxh5 Kf3 59.
Kd1 Kg3 60. Kc2 Ne4 61. Rh7 Ng5 62. Rh5 Nxh3 63. Kd3 Ng5 64. Kc4 Kg4 65. Rh1
Kf5 66. Kd5 Nf7 67. Rf1 Nd8 68. b5 Kg5 69. Rg1+ Kf5 70. Rg8 Nb7 71. Rf8+ Kg5
72. Rf7 Na5 73. Ke6 Nc4 74. Rg7+ Kh6 75. Rg4 1-0

[Event "Hamburg Harburg 12th C"]
[Site "Hamburg"]
[Date "2017.08.05"]
[Round "2.2"]
[White "Hommer, Jeremy"]
[Black "Olschok, Juergen"]
[Result "1/2-1/2"]
[WhiteElo "1937"]
[BlackElo "1770"]
[PlyCount "102"]
[EventDate "2017.08.06"]
[EventType "tourn"]
[EventRounds "5"]
[EventCountry "GER"]
[SourceDate "2017.08.14"]
[WhiteTeam "SC Turm Lüneburg e.V."]
[BlackTeam "FC ST.Pauli 1910 eV SAbt"]

1. d4 Nf6 2. Bf4 d5 3. e3 Bf5 4. Nd2 e6 5. Ngf3 Bd6 6. Ne5 Ne4 7. Be2 Bxe5 8.
Bxe5 f6 9. Bf4 Nc6 10. g4 Bg6 11. Nxe4 Bxe4 12. f3 Bg6 13. Bb5 Qe7 14. O-O O-O
15. Bg3 a6 16. Bd3 Bxd3 17. Qxd3 Rad8 18. c3 e5 19. Rfe1 Rfe8 20. f4 e4 21. Qd1
b5 22. b3 Na5 23. Re2 c6 24. Qc1 Nb7 25. f5 a5 26. Rc2 Nd6 27. h4 h6 28. Bf4
Nf7 29. Rg2 c5 30. Rc2 Rc8 31. Qb2 Rc6 32. Rac1 Rec8 33. Qa3 Qb7 34. Qb2 cxd4
35. cxd4 b4 36. Kf2 Qb5 37. Ke1 Kf8 38. Rxc6 Rxc6 39. Rc2 Nd8 40. Rxc6 Qxc6 41.
Kd1 Qb5 42. Qe2 Qc6 43. Qc2 Qxc2+ 44. Kxc2 Nc6 45. Bc7 Ke7 46. Bb6 Kf7 47. h5
Ke8 48. Kb2 Kd7 49. a3 Ke8 50. Bc5 Kf7 51. axb4 axb4 1/2-1/2

[Event "Hamburg Harburg 12th C"]
[Site "Hamburg"]
[Date "2017.08.05"]
[Round "2.3"]
[White "Becker, Thomas"]
[Black "Schwarzkopf, Joerg"]
[Result "1/2-1/2"]
[WhiteElo "1927"]
[BlackElo "1815"]
[PlyCount "90"]
[EventDate "2017.08.06"]
[EventType "tourn"]
[EventRounds "5"]
[EventCountry "GER"]
[SourceDate "2017.08.14"]
[WhiteTeam "Langenhorner SF 1928"]
[BlackTeam "TV Fischbek Suederelbe"]

1. e4 c5 2. Nf3 Nc6 3. d4 cxd4 4. Nxd4 Nf6 5. Nc3 e5 6. Ndb5 d6 7. Bg5 a6 8.
Na3 b5 9. Bxf6 gxf6 10. Nd5 Bg7 11. c3 Ne7 12. Nc2 Nxd5 13. Qxd5 Be6 14. Qd2 d5
15. exd5 Qxd5 16. Qxd5 Bxd5 17. Ne3 Be6 18. a4 O-O 19. axb5 axb5 20. Rxa8 Rxa8
21. Bxb5 Ra1+ 22. Nd1 Bb3 23. Be2 Rb1 24. O-O Bf8 25. g3 Bc5 26. Kg2 Kg7 27.
Kg1 Bxd1 28. Rxd1 Rxb2 29. Kf1 Rc2 30. c4 f5 31. f3 Kf6 32. h3 Ke6 33. Rd8 Rc1+
34. Rd1 Rc2 35. Ra1 Bd4 36. Rd1 Kd6 37. Rb1 h6 38. Rd1 Kc5 39. Rb1 f6 40. Rb5+
Kc6 41. Rb1 e4 42. f4 Rc3 43. Kg2 Rc2 44. Kf1 Rc3 45. Kg2 Rc2 1/2-1/2

[Event "Hamburg Harburg 12th C"]
[Site "Hamburg"]
[Date "2017.08.05"]
[Round "3.1"]
[White "Schwarzkopf, Joerg"]
[Black "Vollmer, Andreas"]
[Result "1-0"]
[WhiteElo "1815"]
[BlackElo "1765"]
[PlyCount "29"]
[EventDate "2017.08.06"]
[EventType "tourn"]
[EventRounds "5"]
[EventCountry "GER"]
[SourceDate "2017.08.14"]
[WhiteTeam "TV Fischbek Suederelbe"]
[BlackTeam "Delmenhorster SK V 1931"]

1. e4 c6 2. d4 d5 3. exd5 cxd5 4. c4 e6 5. Nc3 Nf6 6. Nf3 Be7 7. cxd5 Nxd5 8.
Bd3 b6 9. a3 Bb7 10. O-O Nd7 11. Qe2 N7f6 12. Bb5+ Nd7 13. Nxd5 exd5 14. Ne5
Bc8 15. Nc6 1-0

[Event "Hamburg Harburg 12th C"]
[Site "Hamburg"]
[Date "2017.08.05"]
[Round "3.2"]
[White "Olschok, Juergen"]
[Black "Becker, Thomas"]
[Result "0-1"]
[WhiteElo "1770"]
[BlackElo "1927"]
[PlyCount "46"]
[EventDate "2017.08.06"]
[EventType "tourn"]
[EventRounds "5"]
[EventCountry "GER"]
[SourceDate "2017.08.14"]
[WhiteTeam "FC ST.Pauli 1910 eV SAbt"]
[BlackTeam "Langenhorner SF 1928"]

1. e4 c5 2. Nc3 Nc6 3. f4 g6 4. Nf3 Bg7 5. Bb5 Nd4 6. Nxd4 cxd4 7. Ne2 Qb6 8.
a4 a6 9. Bc4 d6 10. d3 Nf6 11. h3 O-O 12. a5 Qc5 13. Ng3 Bd7 14. O-O h5 15. b4
Qc7 16. f5 d5 17. Bf4 Qc6 18. exd5 Nxd5 19. fxg6 fxg6 20. Qd2 e6 21. Bh6 Ne3
22. Bxe3 dxe3 23. Qe2 (23. Qxe3 Qd6 24. Ne4 $11) 23... Rf2 0-1

[Event "Hamburg Harburg 12th C"]
[Site "Hamburg"]
[Date "2017.08.05"]
[Round "3.3"]
[White "Henkemeier, Michael"]
[Black "Hommer, Jeremy"]
[Result "0-1"]
[WhiteElo "1879"]
[BlackElo "1937"]
[PlyCount "42"]
[EventDate "2017.08.06"]
[EventType "tourn"]
[EventRounds "5"]
[EventCountry "GER"]
[SourceDate "2017.08.14"]
[WhiteTeam "Schachklub Werther 1949 e.V."]
[BlackTeam "SC Turm Lüneburg e.V."]

1. Nf3 f5 2. d4 Nf6 3. Bf4 e6 4. e3 b6 5. Be2 Bb7 6. O-O Be7 7. h3 O-O 8. Nbd2
c5 9. c3 d5 10. dxc5 bxc5 11. c4 Ba6 12. cxd5 exd5 13. Bxa6 Nxa6 14. Qe2 Nc7
15. Nb3 Ne6 16. Be5 a5 17. Rfd1 a4 18. Nbd2 Bd6 19. g3 Rb8 20. Bxd6 Qxd6 21.
Nc4 Qa6 0-1

[Event "Hamburg Harburg 12th C"]
[Site "Hamburg"]
[Date "2017.08.06"]
[Round "4.1"]
[White "Vollmer, Andreas"]
[Black "Hommer, Jeremy"]
[Result "0-1"]
[WhiteElo "1765"]
[BlackElo "1937"]
[PlyCount "88"]
[EventDate "2017.08.06"]
[EventType "tourn"]
[EventRounds "5"]
[EventCountry "GER"]
[SourceDate "2017.08.14"]
[WhiteTeam "Delmenhorster SK V 1931"]
[BlackTeam "SC Turm Lüneburg e.V."]

1. c4 f5 2. d3 Nf6 3. e3 b6 4. Be2 Bb7 5. Bf3 Bxf3 6. Nxf3 e6 7. b3 c6 8. Ba3
Bxa3 9. Nxa3 d5 10. Nc2 Qd6 11. Qe2 O-O 12. O-O Nbd7 13. h3 h6 14. Rfd1 Qe7 15.
Nd2 e5 16. Re1 Kh8 17. g3 g5 18. Kh1 Rf7 19. Rg1 Rg8 20. Rg2 Nf8 21. Rh2 Ne6
22. f3 Nh5 23. Rg1 f4 24. Nf1 Rgf8 25. g4 Nhg7 26. e4 dxe4 27. dxe4 Rd8 28. Qe1
Rd3 29. Nd2 Qd8 30. Nb4 Rd6 31. Nc2 Rfd7 32. Rgg2 a5 33. h4 gxh4 34. Ne3 fxe3
35. Qxe3 Qg5 36. Qc3 Rd3 37. Qb2 h3 38. Rf2 Nf4 39. a3 Ng2 40. Nf1 Rd1 41. Rxh3
Ne3 42. Kg1 Nxf1 43. Rxf1 Rxf1+ 44. Kxf1 Rd1+ 0-1

[Event "Hamburg Harburg 12th C"]
[Site "Hamburg"]
[Date "2017.08.06"]
[Round "4.3"]
[White "Schwarzkopf, Joerg"]
[Black "Olschok, Juergen"]
[Result "1-0"]
[WhiteElo "1815"]
[BlackElo "1770"]
[PlyCount "89"]
[EventDate "2017.08.06"]
[EventType "tourn"]
[EventRounds "5"]
[EventCountry "GER"]
[SourceDate "2017.08.14"]
[WhiteTeam "TV Fischbek Suederelbe"]
[BlackTeam "FC ST.Pauli 1910 eV SAbt"]

1. e4 e6 2. d3 d5 3. Qe2 g6 4. Nf3 dxe4 5. dxe4 b6 6. Nbd2 Ba6 7. Nc4 Bg7 8. c3
Nf6 9. Bg5 h6 10. Rd1 Qe7 11. e5 hxg5 12. exf6 Bxf6 13. Qe4 c6 14. Nd6+ Kf8 15.
Bxa6 Nxa6 16. Qxc6 Kg7 17. O-O Qc7 18. Qxc7 Nxc7 19. Ne4 g4 20. Nxf6 gxf3 21.
Ng4 fxg2 22. Kxg2 Rad8 23. Ne5 Rd5 24. Rxd5 Nxd5 25. a3 Kf6 26. Re1 g5 27. Ng4+
Ke7 28. Ne5 Rc8 29. Re4 Nf4+ 30. Kf3 f6 31. Rc4 Rxc4 32. Nxc4 b5 33. Nd2 Nd3
34. b3 Ne5+ 35. Ke2 f5 36. h3 Ng6 37. Kf3 e5 38. c4 e4+ 39. Kg3 a6 40. cxb5
axb5 41. a4 bxa4 42. bxa4 Ne5 43. f4 e3 44. Nf3 e2 45. fxe5 1-0

[Event "Hamburg Harburg 12th C"]
[Site "Hamburg"]
[Date "2017.08.06"]
[Round "4.2"]
[White "Becker, Thomas"]
[Black "Henkemeier, Michael"]
[Result "1-0"]
[WhiteElo "1927"]
[BlackElo "1879"]
[PlyCount "39"]
[EventDate "2017.08.06"]
[EventType "tourn"]
[EventRounds "5"]
[EventCountry "GER"]
[SourceDate "2017.08.14"]
[WhiteTeam "Langenhorner SF 1928"]
[BlackTeam "Schachklub Werther 1949 e.V."]

1. e4 c6 2. d4 d5 3. exd5 cxd5 4. c4 Nf6 5. Nc3 Nc6 6. Bg5 e6 7. Nf3 Be7 8. Be2
O-O 9. O-O b6 10. Rc1 Bb7 11. a3 dxc4 12. Bxc4 Nd5 13. Nxd5 Bxg5 14. Nxg5 exd5
15. Qh5 h6 16. Nxf7 Rxf7 17. Bxd5 Qxd5 18. Qxd5 Rd8 19. Qa2 Nxd4 20. Rcd1 1-0

[Event "Hamburg Harburg 12th C"]
[Site "Hamburg"]
[Date "2017.08.06"]
[Round "5.1"]
[White "Olschok, Juergen"]
[Black "Vollmer, Andreas"]
[Result "0-1"]
[WhiteElo "1770"]
[BlackElo "1765"]
[PlyCount "84"]
[EventDate "2017.08.06"]
[EventType "tourn"]
[EventRounds "5"]
[EventCountry "GER"]
[SourceDate "2017.08.14"]
[WhiteTeam "FC ST.Pauli 1910 eV SAbt"]
[BlackTeam "Delmenhorster SK V 1931"]

1. e4 c6 2. d4 d5 3. exd5 cxd5 4. Bd3 Nf6 5. Bf4 Nc6 6. c3 Bg4 7. Qb3 Qc8 8.
Nd2 e6 9. h3 Bh5 10. Ngf3 Bg6 11. Bxg6 hxg6 12. O-O Be7 13. Ne5 O-O 14. Ndf3
Nd7 15. Nd3 Na5 16. Qc2 Nc4 17. Nfe5 Ndxe5 18. Bxe5 Bd6 19. Bxd6 Nxd6 20. Ne5
Nc4 21. Nxc4 Qxc4 22. Rfd1 Rac8 23. Qb3 Qc7 24. Qa4 a6 25. Qc2 Qd6 26. Rac1 Rc6
27. g3 Rfc8 28. Qe2 Rc4 29. Rd2 b5 30. a3 a5 31. Rdc2 Qb6 32. b3 R4c7 33. Qd3
Rb8 34. Kf1 Qd6 35. c4 bxc4 36. bxc4 Qa6 37. Qe2 dxc4 38. Rxc4 Rxc4 39. Qxc4
Qb7 40. h4 Qh1+ 41. Ke2 Qe4+ 42. Kd1 $4 (42. Kf1 $17) 42... Rd8 0-1

[Event "Hamburg Harburg 12th C"]
[Site "Hamburg"]
[Date "2017.08.06"]
[Round "5.2"]
[White "Henkemeier, Michael"]
[Black "Schwarzkopf, Joerg"]
[Result "0-1"]
[WhiteElo "1879"]
[BlackElo "1815"]
[PlyCount "84"]
[EventDate "2017.08.06"]
[EventType "tourn"]
[EventRounds "5"]
[EventCountry "GER"]
[SourceDate "2017.08.14"]
[WhiteTeam "Schachklub Werther 1949 e.V."]
[BlackTeam "TV Fischbek Suederelbe"]

1. d4 Nf6 2. Nf3 e6 3. c4 c5 4. d5 exd5 5. cxd5 d6 6. Nc3 g6 7. g3 Bg7 8. Bg2
O-O 9. O-O a6 10. a4 Nbd7 11. Bf4 Qe7 12. Nd2 Nh5 13. Nc4 Nxf4 14. gxf4 f5 15.
Qd2 Nf6 16. f3 Rb8 17. a5 Bd7 18. Rae1 Bb5 19. b3 Bxc4 20. bxc4 b5 21. axb6
Rxb6 22. e4 fxe4 23. fxe4 Ng4 24. Nd1 Bd4+ 25. Kh1 Qh4 26. Bf3 Rb1 27. f5 Rxd1
28. Bxd1 Bc3 29. Qe2 Bxe1 30. Qxg4 Qxg4 31. Bxg4 Bc3 32. Rf3 Bb4 33. fxg6 hxg6
34. Rxf8+ Kxf8 35. Bc8 a5 36. Bd7 Ke7 37. Ba4 Kf6 38. Kg2 Ke5 39. Kf3 Kd4 40.
Bb5 Bd2 41. h3 Bg5 42. Ke2 Kc3 0-1

[Event "Hamburg Harburg 12th D"]
[Site "Hamburg"]
[Date "2017.08.04"]
[Round "1.3"]
[White "Suliga, Eckhard"]
[Black "Ahrens, Gunnar"]
[Result "1-0"]
[WhiteElo "1755"]
[BlackElo "1665"]
[PlyCount "43"]
[EventDate "2017.08.06"]
[EventType "tourn"]
[EventRounds "5"]
[EventCountry "GER"]
[SourceDate "2017.08.14"]
[WhiteTeam "SC Turm LÃ¼neburg e.V."]
[BlackTeam "Delmenhorster SK V 1931"]

1. e4 e5 2. Nf3 Nc6 3. Bb5 Bc5 4. c3 d6 5. O-O Nge7 6. d4 exd4 7. cxd4 Bb4 8.
a3 Ba5 9. b4 Bb6 10. d5 a6 11. Ba4 Bd7 12. dxc6 Bxc6 13. Bxc6+ Nxc6 14. Nc3 O-O
15. Bb2 Re8 16. Re1 Qd7 17. e5 Rad8 18. exd6 Rxe1+ 19. Qxe1 Re8 20. Qd2 cxd6
21. Nd5 Ba7 22. Qg5 1-0

[Event "Hamburg Harburg 12th D"]
[Site "Hamburg"]
[Date "2017.08.04"]
[Round "1.1"]
[White "Geisler, Reinhard"]
[Black "Eschweiler, Markus"]
[Result "1/2-1/2"]
[WhiteElo "1835"]
[BlackElo "1702"]
[PlyCount "31"]
[EventDate "2017.08.06"]
[EventType "tourn"]
[EventRounds "5"]
[EventCountry "GER"]
[SourceDate "2017.08.14"]
[WhiteTeam "Schachklub Werther 1949 e.V."]
[BlackTeam "SK Marmstorf GW Harburg"]

1. d4 Nf6 2. Bf4 d5 3. e3 Bf5 4. c4 h6 5. Nc3 e6 6. Nf3 Nbd7 7. Qb3 dxc4 8.
Bxc4 Nb6 9. Be2 c6 10. O-O Bd6 11. Bxd6 Qxd6 12. a4 O-O 13. Rfd1 Qc7 14. Rac1
a6 15. Bd3 Bxd3 16. Rxd3 1/2-1/2

[Event "Hamburg Harburg 12th D"]
[Site "Hamburg"]
[Date "2017.08.04"]
[Round "1.2"]
[White "Lasschuit, Rene"]
[Black "Nyenhuis, Yannek"]
[Result "0-1"]
[WhiteElo "1771"]
[BlackElo "1683"]
[PlyCount "58"]
[EventDate "2017.08.06"]
[EventType "tourn"]
[EventRounds "5"]
[EventCountry "GER"]
[SourceDate "2017.08.14"]
[WhiteTeam "SV Berolina Mitte e.V."]
[BlackTeam "TSV BienenbÃ¼ttel"]

1. c4 Nf6 2. Nc3 c5 3. g3 Nc6 4. Bg2 g6 5. e3 Bg7 6. Nge2 O-O 7. O-O e6 8. d4
cxd4 9. Nxd4 a6 10. Qe2 Qc7 11. b3 b6 12. Bb2 Bb7 13. Rac1 Nxd4 14. exd4 Bxg2
15. Kxg2 Qb7+ 16. Qf3 Qxf3+ 17. Kxf3 Rfc8 18. d5 d6 19. dxe6 fxe6 20. Rcd1 Rd8
21. Rd2 Rd7 22. Rfd1 Rad8 23. Na4 b5 24. Nb6 Rf7 25. cxb5 axb5 26. Kg2 Ne4 27.
Rc2 Bxb2 28. Rxb2 Rb7 29. Re1 Nc5 0-1

[Event "Hamburg Harburg 12th D"]
[Site "Hamburg"]
[Date "2017.08.05"]
[Round "2.1"]
[White "Eschweiler, Markus"]
[Black "Ahrens, Gunnar"]
[Result "1/2-1/2"]
[WhiteElo "1702"]
[BlackElo "1665"]
[PlyCount "115"]
[EventDate "2017.08.06"]
[EventType "tourn"]
[EventRounds "5"]
[EventCountry "GER"]
[SourceDate "2017.08.14"]
[WhiteTeam "SK Marmstorf GW Harburg"]
[BlackTeam "Delmenhorster SK V 1931"]

1. c4 Nf6 2. d4 d5 3. e3 c6 4. h3 e6 5. Nf3 Bb4+ 6. Bd2 Bxd2+ 7. Nbxd2 O-O 8.
Bd3 Nbd7 9. O-O Re8 10. Qc2 Nf8 11. Ne5 dxc4 12. Bxc4 Nd5 13. a3 Qc7 14. Rac1
Nb6 15. Bb3 Qe7 16. Ndf3 f6 17. Nd3 Kh8 18. Nc5 Rb8 19. Qe4 Nbd7 20. Rfd1 Nxc5
21. dxc5 e5 22. Ba2 Be6 23. Bxe6 Nxe6 24. b4 Rbd8 25. Nd2 Nc7 26. Nc4 Nb5 27.
Qc2 Rf8 28. Rxd8 Rxd8 29. Rd1 Rd7 30. Rxd7 Qxd7 31. a4 Nc7 32. Nd6 Nd5 33. Qc4
h6 34. e4 Nf4 35. Qf7 Qxf7 36. Nxf7+ Kg8 37. Nd8 Ne2+ 38. Kf1 Nc3 39. a5 Na2
40. Nxb7 Nxb4 41. Ke2 Kf8 42. Kd2 Ke7 43. Kc3 Na6 44. Kc4 g6 45. h4 Nc7 46. Nd6
a6 47. g3 Ne8 48. Nxe8 Kxe8 49. f4 Kf7 50. Kd3 Ke6 51. Ke3 h5 52. Kf3 f5 53.
Ke3 fxe4 54. Kxe4 exf4 55. gxf4 Kf6 56. Ke3 Kf5 57. Kf3 Ke6 58. Ke4 1/2-1/2

[Event "Hamburg Harburg 12th D"]
[Site "Hamburg"]
[Date "2017.08.05"]
[Round "2.2"]
[White "Nyenhuis, Yannek"]
[Black "Suliga, Eckhard"]
[Result "1-0"]
[WhiteElo "1683"]
[BlackElo "1755"]
[PlyCount "69"]
[EventDate "2017.08.06"]
[EventType "tourn"]
[EventRounds "5"]
[EventCountry "GER"]
[SourceDate "2017.08.14"]
[WhiteTeam "TSV Bienenbüttel"]
[BlackTeam "SC Turm Lüneburg e.V."]

1. e4 e5 2. Nf3 Nc6 3. Bb5 Nf6 4. Qe2 Bc5 5. c3 O-O 6. O-O a6 7. Bc4 Re8 8. d3
b5 9. Bb3 h6 10. Nbd2 d6 11. h3 Bd7 12. Rd1 Re7 13. Nf1 Na5 14. Bc2 Bb6 15. Be3
c5 16. Ng3 Nc6 17. Nh4 Qc8 18. Nhf5 Bxf5 19. Nxf5 Rd7 20. Qf3 Nh7 21. Qg3 f6
22. Bxh6 Qf8 23. Bb3+ Kh8 24. Bd5 Rc8 25. Be6 Rcd8 26. Bxd7 Rxd7 27. Be3 Qf7
28. d4 g6 29. Nh6 Qg7 30. dxc5 Bc7 31. cxd6 Bxd6 32. Rd5 Nf8 33. Qh4 Bc7 34.
Nf5+ Qh7 35. Qxf6+ 1-0

[Event "Hamburg Harburg 12th D"]
[Site "Hamburg"]
[Date "2017.08.05"]
[Round "2.3"]
[White "Geisler, Reinhard"]
[Black "Lasschuit, Rene"]
[Result "1/2-1/2"]
[WhiteElo "1835"]
[BlackElo "1771"]
[PlyCount "62"]
[EventDate "2017.08.06"]
[EventType "tourn"]
[EventRounds "5"]
[EventCountry "GER"]
[SourceDate "2017.08.14"]
[WhiteTeam "Schachklub Werther 1949 e.V."]
[BlackTeam "SV Berolina Mitte e.V."]

1. Nf3 c5 2. g3 g6 3. Bg2 Bg7 4. O-O Nc6 5. c4 e6 6. e3 Nge7 7. Nc3 O-O 8. a3
d5 9. cxd5 exd5 10. d4 c4 11. Ne5 Nxe5 12. dxe5 Be6 13. f4 Qb6 14. Kh1 Rfd8 15.
Qe2 f6 16. exf6 Bxf6 17. Rd1 Rd7 18. Bf3 Rad8 19. g4 Bf7 20. a4 Nc6 21. g5 Bg7
22. Qg2 Nb4 23. a5 Qa6 24. Na4 Qc6 25. Bd2 Qb5 26. Bc3 d4 27. Bxd4 Bxd4 28.
Rxd4 Rxd4 29. exd4 Rxd4 30. Nc3 Qf5 31. Ne4 Nd3 {/Notationen schlecht 51.}
1/2-1/2

[Event "Hamburg Harburg 12th D"]
[Site "Hamburg"]
[Date "2017.08.05"]
[Round "3.3"]
[White "Ahrens, Gunnar"]
[Black "Nyenhuis, Yannek"]
[Result "1/2-1/2"]
[WhiteElo "1665"]
[BlackElo "1683"]
[PlyCount "68"]
[EventDate "2017.08.06"]
[EventType "tourn"]
[EventRounds "5"]
[EventCountry "GER"]
[SourceDate "2017.08.14"]
[WhiteTeam "Delmenhorster SK V 1931"]
[BlackTeam "TSV Bienenbüttel"]

1. a3 d5 2. Nf3 Nf6 3. e3 Bf5 4. c4 c6 5. Nc3 e6 6. d4 Nbd7 7. Be2 Bd6 8. O-O
Ne4 9. Nxe4 dxe4 10. Ne1 h5 11. f4 Nf6 12. g3 Bh3 13. Ng2 Ng4 14. Bxg4 hxg4 15.
Rf2 Qf6 16. c5 Bc7 17. Qc2 Qg6 18. b4 Bxg2 19. Rxg2 O-O 20. Bb2 a5 21. Rf2 f5
22. Bc3 axb4 23. Bxb4 Rfb8 24. Rb1 Qf7 25. Qc1 Bd8 26. Qf1 g5 27. h3 gxh3 28.
Qxh3 Qh7 29. Qxh7+ Kxh7 30. Rh2+ Kg6 31. Kf2 Bf6 32. Rbh1 Rh8 33. Rxh8 Rxh8 34.
Rxh8 Bxh8 1/2-1/2